00428nam a22001457a 450000500170000000800410001702000340005804100130009208200130010510000130011824500520013126000440018330000300022765000250025720231204145649.0231204b |||||||| |||| 00| 0 eng d a9780639002194 ; 9780639002194 aEnglish  a349 JOU  lEnglish  aThe Law of South Africa / cedited by JA Faris  aDurban : bLexisNexis (Pty) Ltd, c2018 bxv, 458 pages ; c26 cm.  aLegal practice bLaw